00150nam a22000617a 4500082001300000245006700013563000800080 a297bACH aAchy bartao ki ahmiyat/bاچھے برتاؤ کی اہمیت aPB